Agro's Colour Atlas of Medicinal Plants (Record no. 373938)
[ view plain ]
| 000 -LEADER | |
|---|---|
| fixed length control field | 00329nam a22001337a 4500 |
| 005 - DATE AND TIME OF LATEST TRANSACTION | |
| control field | 20250903145342.0 |
| 020 ## - INTERNATIONAL STANDARD BOOK NUMBER | |
| International Standard Book Number | 8177541722 |
| 082 ## - DEWEY DECIMAL CLASSIFICATION NUMBER | |
| Classification number | 581.634 PRA |
| 100 ## - MAIN ENTRY--PERSONAL NAME | |
| Personal name | Narayan Das Prajapati |
| 100 ## - MAIN ENTRY--PERSONAL NAME | |
| Personal name | Purohit S S |
| 245 ## - TITLE STATEMENT | |
| Title | Agro's Colour Atlas of Medicinal Plants |
| 260 ## - PUBLICATION, DISTRIBUTION, ETC. (IMPRINT) | |
| Place of publication, distribution, etc. | Jodhpur |
| Name of publisher, distributor, etc. | Agrobios(India) |
| Date of publication, distribution, etc. | 2004 |
| 942 ## - ADDED ENTRY ELEMENTS (KOHA) | |
| Koha item type | Books (General) |
| Withdrawn status | Lost status | Damaged status | Not for loan | Collection code | Home library | Current library | Shelving location | Date acquired | Total Checkouts | Full call number | Barcode | Date last seen | Price effective from | Koha item type |
|---|---|---|---|---|---|---|---|---|---|---|---|---|---|---|
| Reference Book | College of Agriculture, Vellayani | College of Agriculture, Vellayani | Reference | 20/06/2025 | 581.634 PRA | KAU_COAV-25868 | 20/06/2025 | 20/06/2025 | Reference Book |
